00552nam a22001697a 4500020001800000040000900018082001500027100002600042110002500068245003500093250001600128260004200144650005700186942001400243999001900257952010600276 a9788126543953 cNust a620.1bMER aMeriam, L. J:9123373 aKraige, G. L9123374 aEngineering Mechanics Dynamics a7th Edition aIndia:bJohn Wiley & Sons Inc,c2016. aDEE Textbook. Engineering Mechanics Dynamics:991780 2ddccTEXT c609636d609636 00102ddc4070aCEMEbCEMEcREFd2024-06-11l0o620.1 MERpCEME- 48186r2024-06-11w2024-06-11yTEXT